Danh nhân Hà Nội

Bewaard in:
Bibliografische gegevens
Hoofdauteur: Vũ Khiêu
Formaat: Boek
Taal:Undetermined
Gepubliceerd in: Hà Nội Hà Nội 2004
Onderwerpen:
Tags: Voeg label toe
Geen labels, Wees de eerste die dit record labelt!
Thư viện lưu trữ: Trung tâm Học liệu Trường Đại học Cần Thơ
LEADER 00541nam a2200205Ia 4500
001 CTU_73901
008 210402s9999 xx 000 0 und d
020 |b 130000 
082 |a 895.92209 
082 |b Kh309 
100 |a Vũ Khiêu 
245 0 |a Danh nhân Hà Nội 
245 0 |c Vũ Khiêu 
260 |a Hà Nội 
260 |b Hà Nội 
260 |c 2004 
650 |a Vietnamese literature 
650 |x History and criticism 
904 |i Mai Loan, Qhieu 
980 |a Trung tâm Học liệu Trường Đại học Cần Thơ